000 00690nam a2200193 a 4500
003 0
005 20250313111042.0
008 090728s19uu xx 00 eng d
050 _aPHS HV 5730
_b.V718 2009
100 _aVillanueva , Monique.
245 _aThe Smoking patterns of low income and middle income earners /
_cMonique Villanueva.
260 _aLas PiƱas City, Philippines :
_bSouthville International School and Colleges,
_c2009.
300 _a45 pages :
_billustrations ;
_c28 cm.
504 _aIncludes bibliographical references.
650 _aTobacco use
_xSocial aspects.
650 _aSmoking
_xEconomic aspects.
650 _aSmoking
_xSocial aspects.
942 _2lcc
_cPASS
999 _c98299
_d98299